000
00322nam a2200121Ia 4500
008
240624s9999 xx 000 0 und d
041
_a
eng
082
_a
338.6440973 LIP
100
_a
LIPARTITO KENNETH
245
_a
CONSTRUCTING CORPORATE AMERICA
260
_c
2009
_a
New Delhi
_b
Oxford University Press
365
_c
BPS
_b
29
999
_c
27779
_d
27779